000 00296nam a2200133Ia 4500
100 _aOberg/Erik/ Jones/Franklin D
942 _cBK
654 _amachinery handbook
245 _aMachinery Handbook
260 _bIndustrial Press Inc
_c1974
300 _a2420
546 _aENGLISH
999 _c22801
_d22801